Práce se zahraničními periodiky v odvětvovém systému vědeckých lékařských informací

Bibliographic Details
Main Author: Ullmanová, Renata (Author)
Format: Article
Language:Slovak
Subjects:

MARC

LEADER 00000nab a2200000 a 4500
001 vtls000189740
003 SK-MaSNL
005 20260302213053.0
008 220422c1984 xo 0 slo
015 |a SNBRB19rr/mm-uuuuu 
035 |a CL0199853 
040 |a SNKBUCL  |b slo  |c SNKBUCL  |e AACR2 
041 0 |a slo 
044 |a xo  |c SK 
080 |a 025.173:61  |2 1981 
080 |a 61  |2 1981 
100 1 |a Ullmanová, Renata  |4 aut  |9 938504 
245 1 0 |a Práce se zahraničními periodiky v odvětvovém systému vědeckých lékařských informací  |c Renata Ullmanová 
650 0 7 |a časopisy zahraničné  |2 snkbucl  |9 924567 
650 0 7 |a zdravotníctvo  |2 snkbucl  |9 1269 
655 7 |a články z novín a časopisov  |2 snkbucl  |9 267496 
655 7 |a články z odboru knihovníctvo  |2 snkbucl  |9 166141 
773 0 |t Zahraničné periodiká v informačnej praxi  |g Roč. 3, č. 1 (1984), s. 11-27 
850 |a Slovenská národná knižnica v Martine  |a MTA001 
852 |a SNK  |b KIS3GCP 
958 |a RK 
958 |a ME 
958 |a KL 
992 |a RBX 
999 |c 1492021  |d 1493951